Open learning system: (Record no. 980211)

MARC details
000 -LEADER
fixed length control field 00590nam a2200205Ia 4500
003 - CONTROL NUMBER IDENTIFIER
control field OSt
005 - DATE AND TIME OF LATEST TRANSACTION
control field 20251128145128.0
008 - FIXED-LENGTH DATA ELEMENTS--GENERAL INFORMATION
fixed length control field 221004b |||||||| |||| 00| 0 eng d
037 ## - SOURCE OF ACQUISITION
Terms of availability TB
040 ## - CATALOGING SOURCE
Original cataloging agency CRL
Transcribing agency CRL
Language of cataloging eng
041 ## - LANGUAGE CODE
Source of code eng
Language code of text/sound track or separate title eng
084 ## - COLON CLASSIFICATION NUMBER
Classification number T4:4,8.2 M9
Assigning agency CL
100 ## - MAIN ENTRY--PERSONAL NAME
Personal name Rao, K Sudha Ed.
9 (RLIN) 607568
245 #0 - TITLE STATEMENT
Title Open learning system:
Remainder of title Concept and future
260 ## - PUBLICATION, DISTRIBUTION, ETC.
Place of publication, distribution, etc. New Delhi, India:
Name of publisher, distributor, etc. Fancer International;
Date of publication, distribution, etc. 1989.
300 ## - PHYSICAL DESCRIPTION
Extent 1989
Dimensions cm.
650 ## - SUBJECT ADDED ENTRY--TOPICAL TERM
Topical term or geographic name entry element EDUCATION
9 (RLIN) 853541
942 ## - ADDED ENTRY ELEMENTS (KOHA)
Classification part T4:48.2.N9 M9
Koha item type Textbook
Source of classification or shelving scheme Colon Classification (CC)
Suppress in OPAC No
Holdings
Withdrawn status Lost status Source of classification or shelving scheme Damaged status Not for loan Home library Current library Date acquired Total Checkouts Full call number Barcode Date last seen Price effective from Koha item type
    Colon Classification (CC)     Central Library Central Library 2022-10-05   T4:48.2.N9 M9 CL0892919 2022-10-05 2022-10-05 Textbook
Copyright @ Delhi University Library System